header

Captives and countrymen (Record no. 91691)

MARC details
000 -LEADER
fixed length control field 01801nam a2200361 a 4500
082 04 - DEWEY DECIMAL CLASSIFICATION NUMBER
Classification number 306.3/620961
100 1# - MAIN ENTRY--AUTHOR NAME
Personal name Peskin, Lawrence A.,
245 10 - TITLE STATEMENT
Title Captives and countrymen
260 ## - PUBLICATION, DISTRIBUTION, ETC. (IMPRINT)
Place of publication Baltimore :
Name of publisher Johns Hopkins University Press,
Year of publication 2009.
300 ## - PHYSICAL DESCRIPTION
Number of Pages ix, 256 p. :
Other physical details ill.
505 0# - FORMATTED CONTENTS NOTE
Formatted contents note Captivity and communications -- The captives write home -- Publicity and secrecy -- Slavery at home and abroad -- Captive nation : Algiers and independence -- The navy and the call to arms -- Masculinity and servility in Tripoli -- Between colony and empire -- Beyond captivity : the wars of 1812 -- Conclusion: Captivity and globalization.
650 #0 - SUBJECT ADDED ENTRY--TOPICAL TERM
Topical Term Slavery
Topical Term Slave trade
Topical Term Captivity narratives
Topical Term Public opinion
856 40 - ELECTRONIC LOCATION AND ACCESS
Uniform Resource Identifier http://site.ebrary.com/lib/rucke/Doc?id=10389803

No items available.

© 2026 Rongo University
Contact us: librarian | system librarian | Rongo university